[Event "Saint Louis Masters 2026"]
[Site "Saint Louis USA"]
[Date "2026.02.27"]
[Round "6.18"]
[White "Harsha, Bharathakoti"]
[Black "Putnam, Liam"]
[Result "0-1"]
[WhiteTitle "GM"]
[BlackTitle "IM"]
[WhiteElo "2538"]
[BlackElo "2485"]
[WhiteFideId "5078776"]
[BlackFideId "30938279"]
[EventDate "2026.02.25"]

1. d4 Nf6 2. c4 e6 3. Nc3 Bb4 4. e3 b6 5. Ne2 Ne4 6. Bd2 Nxd2 7. Qxd2 Bb7 8. a3
Be7 9. Nf4 d6 10. Bd3 Nd7 11. O-O O-O 12. b4 Re8 13. Bc2 c6 14. Rfd1 Bf8 15. h3
g6 16. Rab1 a6 17. Bb3 d5 18. cxd5 exd5 19. Re1 Nf6 20. Nd3 Bd6 21. Rbc1 Kg7 22.
Qb2 Bc7 23. Ne2 Ne4 24. Ba4 Qd6 25. Ne5 b5 26. Bc2 f6 27. Nf3 Ng5 28. Ng3 Nxf3+
29. gxf3 Re7 30. Qc3 Rae8 31. Bb1 Qd7 32. Kg2 h5 33. Qc2 f5 34. Rg1 Qe6 35. f4
Qf6 36. Kh1 Kf8 37. Nf1 Kf7 38. Nh2 Bxf4 39. exf4 Re2 40. Qd3 Rxf2 41. Rcf1 Qh4
42. Rxf2 Qxf2 43. Rf1 Re1 44. Rxe1 Qxe1+ 45. Kg2 h4 46. Nf1 Qc1 47. Nd2 a5 48.
bxa5 c5 49. Nb3 Qb2+ 50. Qc2 Qxa3 51. Qa2 Qb4 52. Nxc5 Ba8 53. Bd3 Qxd4 54. Qd2
Qxc5 55. Qe1 d4+ 56. Kf2 Qd5 57. Qb1 Qf3+ 58. Ke1 Qe3+ 59. Be2 Qg1+ 60. Bf1 Qe3+
61. Be2 Qg3+ 62. Kd2 Qc3+ 63. Kd1 Bd5 64. Bxb5 Bb3+ 65. Ke2 Qe3+ 66. Kf1 Qxf4+
67. Kg1 Qg3+ 68. Kf1 Qxh3+ 0-1

[Event "Saint Louis Masters 2026"]
[Site "Saint Louis USA"]
[Date "2026.02.27"]
[Round "6.19"]
[White "Budisavljevic, Luka"]
[Black "Atwell, Rose"]
[Result "1-0"]
[WhiteTitle "GM"]
[BlackTitle "FM"]
[WhiteElo "2501"]
[BlackElo "2337"]
[WhiteFideId "960047"]
[BlackFideId "30951011"]
[EventDate "2026.02.25"]

1. d4 Nf6 2. c4 e6 3. Nf3 Bb4+ 4. Bd2 Bxd2+ 5. Qxd2 O-O 6. Nc3 d5 7. e3 dxc4 8.
Bxc4 c5 9. dxc5 Nbd7 10. Rd1 Qa5 11. Ne4 Qc7 12. Nxf6+ Nxf6 13. b4 a5 14. a3
axb4 15. axb4 Bd7 16. O-O b6 17. Qd6 Qxd6 18. cxd6 Ra4 19. Rb1 b5 20. Be2 Ra2
21. Rfe1 Rd8 22. Ne5 Be8 23. Rbd1 Nd5 24. Bf3 f6 25. d7 Bxd7 26. Rxd5 fxe5 27.
Rd6 Kf7 28. Red1 Ke7 29. Bc6 Bxc6 30. Rxd8 e4 31. Rg8 Kf7 32. Rc8 Bd5 33. h4 Rb2
34. Rd4 Kf6 35. Rc5 Bc4 36. Rxe4 Rxb4 37. Rf4+ Kg6 38. Rc7 h5 39. Rff7 Be2 40.
Rxg7+ Kh6 41. Rge7 Bc4 42. e4 Rb1+ 43. Kh2 Re1 44. f3 1-0

[Event "Saint Louis Masters 2026"]
[Site "Saint Louis USA"]
[Date "2026.02.27"]
[Round "6.20"]
[White "Kacharava, Nikolozi"]
[Black "Yu, Jennifer"]
[Result "1-0"]
[WhiteTitle "GM"]
[BlackTitle "FM"]
[WhiteElo "2501"]
[BlackElo "2309"]
[WhiteFideId "13611860"]
[BlackFideId "2078341"]
[EventDate "2026.02.25"]

1. e4 e5 2. Nf3 Nc6 3. Bb5 a6 4. Ba4 Nge7 5. Nc3 Ng6 6. h4 h5 7. d4 Nxd4 8. Nxd4
exd4 9. Qxd4 b5 10. Bb3 Bb7 11. Qd3 Nxh4 12. Qg3 Ng6 13. Bg5 Be7 14. Bxe7 Qxe7
15. Qxc7 d6 16. Qb6 d5 17. Nxd5 Qxe4+ 18. Kf1 O-O 19. Qxb7 Rae8 20. Qc7 Qe2+ 21.
Kg1 Re5 22. Qc3 Rd8 23. Qd4 Kh8 24. Rh3 Rf5 25. Qe3 Qg4 26. f3 Qg5 27. Qxg5 Rxg5
28. Ne3 Rd2 29. Kf1 Nf4 30. Rh2 Re5 31. Rd1 Re2 32. Nd5 Nxd5 33. Rxd5 Re1+ 34.
Kf2 R1e2+ 35. Kg3 1-0

[Event "Saint Louis Masters 2026"]
[Site "Saint Louis USA"]
[Date "2026.02.27"]
[Round "6.21"]
[White "Munkhdalai, Amilal"]
[Black "Bok, Benjamin"]
[Result "1-0"]
[WhiteTitle "IM"]
[BlackTitle "GM"]
[WhiteElo "2455"]
[BlackElo "2592"]
[WhiteFideId "4903250"]
[BlackFideId "1017063"]
[EventDate "2026.02.25"]

1. e4 c5 2. Nf3 d6 3. Bb5+ Nd7 4. O-O a6 5. Bd3 Ngf6 6. c3 b5 7. Bc2 Bb7 8. Qe2
e6 9. d4 Be7 10. Re1 O-O 11. Nbd2 Qc7 12. Nf1 Rfc8 13. Bd3 a5 14. Ng3 b4 15. Bd2
Rab8 16. Rac1 bxc3 17. bxc3 a4 18. Bf4 a3 19. Nd2 Nb6 20. d5 c4 21. Bc2 Bxd5 22.
exd5 Nbxd5 23. Bg5 Nxc3 24. Qf3 Qa5 25. Nf5 Bd8 26. Bxf6 Bxf6 27. Nxd6 Nxa2 28.
N2xc4 Nxc1 29. Nxa5 a2 30. Nxc8 a1=Q 31. Nb3 Qa6 32. Rxc1 Rxc8 33. Qd3 Qxd3 34.
Bxd3 Rd8 35. Ba6 g6 36. Rc8 Rxc8 37. Bxc8 Kg7 38. g3 Bd8 39. Kg2 h5 40. Nd2 e5
41. Nc4 Bc7 42. Kf3 f5 43. Ke2 Kf6 44. Ne3 Bd6 45. h3 Bc5 46. g4 fxg4 47. hxg4
e4 48. gxh5 gxh5 49. Bh3 Ke5 50. Bg2 Bd4 51. Nc2 Bc5 52. Ne3 Bd4 53. Bh3 Kf4 54.
Nd5+ Ke5 55. Nc7 Bb6 56. Ne6 h4 57. Ng7 Kf4 58. Nf5 Kg5 59. Nd6 Kf4 60. Bg2 Bc5
61. Nxe4 h3 62. Bh1 Ba7 63. Ng3 Bb6 64. Bb7 Kg5 65. Bc8 Kh4 66. Nf1 Bc7 67. Nd2
h2 68. Bb7 Bb6 69. Kf1 Kg4 70. Bh1 Kh3 71. Ne4 Bd8 72. Ng3 Bc7 73. Bg2+ Kg4 74.
Nh1 Bd6 75. Bb7 Kh3 76. Bc8+ Kh4 77. Kg2 Kg5 78. Ng3 Kf4 79. Bb7 Bc5 80. Nh1 Bb6
81. Kxh2 Bxf2 82. Nxf2 Kf5 83. Kg3 Ke5 84. Be4 Kd4 85. Kf4 Kc4 86. Ke3 Kc5 87.
Kd3 Kd6 88. Kd4 Ke6 89. Ng4 Ke7 90. Kd5 Kd7 91. Bf5+ Ke7 92. Ke5 Kf7 93. Kd6 Ke8
94. Ne5 Kf8 95. Ke6 Kg7 96. Nf7 Kf8 97. Kf6 Kg8 98. Be4 Kf8 99. Bh7 Ke8 100. Ne5
Kd8 101. Ke6 Kc7 102. Nd7 Kc6 103. Bd3 Kc7 104. Bb5 Kd8 105. Nf6 Kc7 106. Nd5+
Kd8 107. Kd6 Kc8 108. Ke7 Kb8 109. Ba6 Ka7 110. Bc8 Kb8 111. Kd8 Ka7 112. Kc7
Ka8 113. Ne7 Ka7 114. Nc6+ Ka8 115. Bb7# 1-0

[Event "Saint Louis Masters 2026"]
[Site "Saint Louis USA"]
[Date "2026.02.27"]
[Round "6.22"]
[White "Warmerdam, Max"]
[Black "Narayanan, Samrug"]
[Result "1/2-1/2"]
[WhiteTitle "GM"]
[BlackTitle "IM"]
[WhiteElo "2580"]
[BlackElo "2438"]
[WhiteFideId "1048104"]
[BlackFideId "30914051"]
[EventDate "2026.02.25"]

1. d4 Nf6 2. c4 e6 3. Nc3 Bb4 4. e3 O-O 5. a3 Bxc3+ 6. bxc3 d5 7. cxd5 exd5 8.
Bd3 b6 9. Ne2 c5 10. O-O Ba6 11. Bxa6 Nxa6 12. Qd3 Nc7 13. dxc5 bxc5 14. c4 Rb8
15. Rd1 Qe7 16. Bd2 h6 17. Nf4 Rfd8 18. Bc3 dxc4 19. Qxc4 Ne4 20. Ba5 Rxd1+ 21.
Rxd1 Nf6 22. Ng6 Qe6 23. Qxc5 Ncd5 24. Nh4 Qa6 25. Be1 Rc8 26. Qd4 Qxa3 27. Nf3
Qc5 28. Ra1 Qxd4 29. Nxd4 Ra8 30. Kf1 a6 31. Ke2 Nc7 32. Ra2 Nfd5 33. Bd2 Re8
34. Kd3 Rb8 35. Ke2 Re8 36. g3 Nb5 37. Kd3 Nxd4 38. exd4 Ra8 39. Kc4 Nf6 40. Bb4
h5 41. f3 Rc8+ 42. Bc5 Ra8 43. Ra5 g6 44. d5 Nd7 45. Bd4 Kf8 46. d6 Ke8 47. Kd5
Nf8 48. Bf6 Nd7 49. Be7 Nb6+ 50. Kc6 Nc4 51. Rd5 Rc8+ 52. Kb7 Kd7 53. Kxa6 Rc6+
54. Kb5 Nxd6+ 55. Bxd6 Rxd6 56. Kc5 Rxd5+ 57. Kxd5 f6 58. f4 Ke7 59. h3 Kd7 60.
g4 hxg4 61. hxg4 Ke7 62. Kc6 Ke6 63. Kc5 g5 1/2-1/2

[Event "Saint Louis Masters 2026"]
[Site "Saint Louis USA"]
[Date "2026.02.27"]
[Round "6.23"]
[White "Kadric, Denis"]
[Black "Rorrer, Grayson"]
[Result "1/2-1/2"]
[WhiteTitle "GM"]
[BlackTitle "IM"]
[WhiteElo "2540"]
[BlackElo "2415"]
[WhiteFideId "14403803"]
[BlackFideId "30944996"]
[EventDate "2026.02.25"]

1. e4 e6 2. Qe2 c5 3. g3 Nc6 4. Bg2 d6 5. c3 g6 6. Na3 Bg7 7. h4 Nf6 8. Nc2 e5
9. Nf3 O-O 10. d3 d5 11. Bg5 Be6 12. h5 Qd6 13. hxg6 fxg6 14. Bxf6 Bxf6 15. exd5
Bxd5 16. Ne3 Be6 17. Nd2 Bg7 18. Ne4 Qe7 19. Nc4 Rad8 20. a4 b6 21. Rd1 Rd7 22.
Bh3 Bxh3 23. Rxh3 Qe6 24. Rxh7 Rfd8 25. Rh4 Ne7 26. Rh2 Qc6 27. Qc2 Nf5 28. f3
Qe6 29. Ke2 Qf7 30. Rhh1 Rf8 31. Rhf1 Bh6 32. Rf2 Qd5 33. Rh1 Bg7 34. g4 Ne7 35.
Ne3 Qf7 36. Ng5 Qa2 37. Rff1 Nd5 38. Nxd5 Qxd5 39. Ne4 Rfd8 40. Rd1 Rf8 41. Nd2
Rdf7 42. Rh3 Rd8 43. c4 Qe6 44. Ne4 Rdf8 45. Ng5 Qxg4 46. fxg4 Rf2+ 47. Ke3 Rxc2
48. Rd2 Rxd2 49. Kxd2 Rf4 50. Ne4 Rxg4 51. Kc3 Rg2 52. a5 Rg1 53. axb6 axb6 54.
b4 cxb4+ 55. Kxb4 Rb1+ 56. Kc3 Bf8 57. Rg3 Kf7 58. Rf3+ Kg7 59. Ng5 Bb4+ 60. Kc2
Rg1 61. Kb3 Rb1+ 1/2-1/2

[Event "Saint Louis Masters 2026"]
[Site "Saint Louis USA"]
[Date "2026.02.27"]
[Round "6.24"]
[White "Gazik, Viktor"]
[Black "Lu, Maximillian"]
[Result "0-1"]
[WhiteTitle "GM"]
[BlackTitle "IM"]
[WhiteElo "2537"]
[BlackElo "2424"]
[WhiteFideId "14928752"]
[BlackFideId "2096242"]
[EventDate "2026.02.25"]

1. e4 c5 2. Nf3 d6 3. Bb5+ Nd7 4. O-O a6 5. Be2 Ngf6 6. d3 b5 7. a4 Bb7 8. c3 e6
9. Be3 Be7 10. b4 cxb4 11. cxb4 d5 12. axb5 axb5 13. Rxa8 Bxa8 14. e5 Ng4 15. d4
Nxe3 16. fxe3 Bc6 17. Qc2 Nb8 18. Qc3 O-O 19. Nbd2 Be8 20. Nb3 Nd7 21. Ra1 Qb8
22. Nc5 Nb6 23. Ra6 Na4 24. Qa1 Qc8 25. Ra7 Bd8 26. Nxa4 bxa4 27. b5 Qc2 28. Kf1
f6 29. exf6 Bxf6 30. Rxa4 e5 31. dxe5 Bxe5 32. Qxe5 Qxa4 33. Qxd5+ Bf7 34. Qc5
Qe4 35. Kf2 Qb7 36. Bd3 Rc8 37. Qd4 Ra8 38. Be4 Ra2+ 39. Kg1 Qc7 40. h4 g6 41.
b6 Qg3 42. Qd8+ Kg7 43. Qd4+ Kh6 44. Ng5 Qe1+ 45. Kh2 Qxh4+ 46. Nh3 Be6 47. Kg1
Qe1+ 48. Kh2 Qh4 49. Qc5 Qxh3+ 50. Kg1 Ra1+ 0-1

[Event "Saint Louis Masters 2026"]
[Site "Saint Louis USA"]
[Date "2026.02.27"]
[Round "6.25"]
[White "Kiolbasa, Oliwia"]
[Black "Kevlishvili, Robby"]
[Result "0-1"]
[WhiteTitle "IM"]
[BlackTitle "GM"]
[WhiteElo "2397"]
[BlackElo "2527"]
[WhiteFideId "1154613"]
[BlackFideId "1040634"]
[EventDate "2026.02.25"]

1. e4 c5 2. Nf3 Nc6 3. Bb5 e6 4. O-O Nge7 5. Re1 a6 6. Bf1 d5 7. exd5 Nxd5 8. d4
Nf6 9. Be3 Be7 10. c4 O-O 11. Nc3 cxd4 12. Nxd4 Ne5 13. h3 Bd7 14. Qb3 Qc7 15.
Rac1 Ng6 16. Nf3 Bc6 17. Bb6 Qb8 18. Nd4 Be8 19. g3 Nd7 20. Na4 Nde5 21. Rcd1 h5
22. Bg2 Qc8 23. c5 Bxa4 24. Qxa4 Bxc5 25. Bxc5 Qxc5 26. Bxb7 Rab8 27. Nb3 Qb6
28. Bg2 Rfd8 29. Qe4 a5 30. Rxd8+ Rxd8 31. Qe3 Qb8 32. Nxa5 Qxb2 33. Re2 Qb5 34.
Nb3 Rd3 35. Qe4 h4 36. Kh2 f5 37. Qa8+ Kh7 38. Rc2 hxg3+ 39. fxg3 Qb4 40. Nc5
Rxg3 41. Nxe6 Qh4 42. Qb8 Nf3+ 43. Kh1 Qxh3+ 0-1

[Event "Saint Louis Masters 2026"]
[Site "Saint Louis USA"]
[Date "2026.02.27"]
[Round "6.26"]
[White "Heimann, Mark"]
[Black "Antova, Gabriela"]
[Result "1/2-1/2"]
[WhiteTitle "GM"]
[BlackTitle "FM"]
[WhiteElo "2511"]
[BlackElo "2168"]
[WhiteFideId "2028441"]
[BlackFideId "2915235"]
[EventDate "2026.02.25"]

1. d4 Nf6 2. c4 e6 3. Nf3 Bb4+ 4. Bd2 c5 5. Bxb4 cxb4 6. e3 b6 7. Bd3 Bb7 8. O-O
a5 9. Qe2 O-O 10. e4 d6 11. Nbd2 Nbd7 12. e5 dxe5 13. dxe5 Nc5 14. Bc2 Nfd7 15.
Nd4 Qe7 16. f4 Rfd8 17. Nb5 Bc6 18. Nf3 Bxb5 19. cxb5 Nf8 20. Rfd1 Ng6 21. Qe3
Rxd1+ 22. Rxd1 Rd8 23. Nd4 Rd5 24. Rd2 Qd7 25. Bd1 Nh4 26. g4 h5 27. h3 Qd8 28.
Be2 Kf8 29. Kf1 Rd7 30. Bc4 Qa8 31. Nc6 Qc8 32. Rd6 Rxd6 33. exd6 Qd7 34. Qd4
Nb7 35. Qxb6 Nxd6 36. Ne5 Qe7 37. Bd3 hxg4 38. hxg4 g5 39. Qxa5 Nb7 40. Qa7 Qc7
41. Kf2 gxf4 42. Qd4 Ke8 43. Qxf4 Nc5 44. Be2 f6 45. g5 Qxe5 46. Qxh4 Ne4+ 47.
Ke1 fxg5 48. Qh5+ Kd8 49. Qf3 Kc7 50. Qe3 Qg3+ 51. Qxg3+ Nxg3 52. Bc4 e5 53. a3
bxa3 54. bxa3 Kb6 55. a4 Ne4 56. Bd3 Nc3 57. Bc2 g4 58. Kf2 e4 59. Kg3 e3 60.
Bd3 Nxa4 1/2-1/2

[Event "Saint Louis Masters 2026"]
[Site "Saint Louis USA"]
[Date "2026.02.27"]
[Round "6.27"]
[White "Rosen, Eric"]
[Black "Boyer, Mahel"]
[Result "1/2-1/2"]
[WhiteTitle "IM"]
[BlackTitle "GM"]
[WhiteElo "2377"]
[BlackElo "2486"]
[WhiteFideId "2032562"]
[BlackFideId "45102422"]
[EventDate "2026.02.25"]

1. e4 d6 2. d4 Nf6 3. Nc3 g6 4. Be3 Bg7 5. Qd2 c6 6. Bh6 Bxh6 7. Qxh6 e5 8.
O-O-O Qe7 9. Be2 Nbd7 10. f4 b5 11. fxe5 dxe5 12. dxe5 Nxe5 13. h3 Be6 14. Nf3
Nfd7 15. Nxe5 Nxe5 16. Qg7 Qg5+ 17. Kb1 Ke7 18. h4 Qf6 19. Qh6 g5 20. Qxf6+ Kxf6
21. hxg5+ Ke7 22. Bf3 Rag8 23. Rh5 Rg7 24. Ne2 Rhg8 25. Nd4 Bd7 26. b4 Rxg5 27.
Rxh7 a5 28. bxa5 Ra8 29. Rdh1 Rxa5 30. R1h5 Rxh5 31. Rxh5 Kf6 32. Rh6+ Kg5 33.
Rh5+ Kf6 34. Rh6+ Kg5 35. Rh5+ 1/2-1/2

[Event "Saint Louis Masters 2026"]
[Site "Saint Louis USA"]
[Date "2026.02.27"]
[Round "6.28"]
[White "Bilych, Oleksii"]
[Black "Gueci, Tea"]
[Result "1-0"]
[WhiteTitle "IM"]
[BlackTitle "WIM"]
[WhiteElo "2450"]
[BlackElo "2138"]
[WhiteFideId "14156504"]
[BlackFideId "872342"]
[EventDate "2026.02.25"]

1. e4 c5 2. Nf3 Nc6 3. d4 cxd4 4. Nxd4 Nf6 5. Nc3 e5 6. Ndb5 d6 7. Nd5 Nxd5 8.
exd5 Nb8 9. a4 Be7 10. b4 O-O 11. a5 a6 12. Na3 Bf5 13. Be2 Nd7 14. O-O Bg6 15.
c4 Rc8 16. Qb3 Kh8 17. c5 dxc5 18. Nc4 cxb4 19. d6 Bg5 20. Qxb4 Bxc1 21. Raxc1
Be4 22. Nxe5 Rxc1 23. Rxc1 Nxe5 24. Qxe4 Qxa5 25. Qxb7 Qd2 26. Rc8 Qxd6 27. Qd5
Nf3+ 28. Bxf3 Qb4 29. Rxf8+ Qxf8 30. Qa8 1-0

[Event "Saint Louis Masters 2026"]
[Site "Saint Louis USA"]
[Date "2026.02.27"]
[Round "6.29"]
[White "Ostrovskiy, Aleksandr"]
[Black "Kuru, Atilla"]
[Result "1-0"]
[WhiteTitle "IM"]
[BlackTitle "IM"]
[WhiteElo "2367"]
[BlackElo "2450"]
[WhiteFideId "2034239"]
[BlackFideId "51607948"]
[EventDate "2026.02.25"]

1. e4 d6 2. d4 Nf6 3. Nc3 e5 4. Nf3 Nbd7 5. Be2 Be7 6. O-O O-O 7. a4 c6 8. a5
Qc7 9. Re1 Re8 10. Bf1 b5 11. axb6 Nxb6 12. h3 h6 13. b3 Nh7 14. dxe5 dxe5 15.
Ba3 Rd8 16. Qe2 Ng5 17. Nxg5 hxg5 18. Bxe7 Qxe7 19. Qe3 g4 20. hxg4 Bxg4 21. Na4
Nd7 22. Nb2 Nf8 23. Nd3 f6 24. Ra6 Ne6 25. c3 c5 26. Rea1 Kf8 27. b4 Rdc8 28.
Qg3 Bh5 29. Qh3 Bf7 30. Nxc5 Rxc5 31. bxc5 Kg8 32. Qe3 Nxc5 33. R6a5 Rc8 34.
Rxa7 Qd6 35. Ra8 Qc6 36. Rxc8+ Qxc8 37. Ra5 Ne6 38. Ra7 Ng5 39. Ra4 Qg4 40. Be2
Qd7 41. Rb4 Qd6 42. Qd3 Qc7 43. Ra4 Qc8 44. Qe3 Qb7 45. Rb4 Qc8 46. Qd2 Qc7 47.
Qb2 Kh7 48. Bg4 Qd6 49. Qe2 Qc5 50. Qe3 Qc7 51. Bf5+ g6 52. Bg4 Kg7 53. Qd3 Qa7
54. Be2 Qa1+ 55. Rb1 Qa2 56. Rb8 Qa1+ 57. Bf1 Qa7 58. Qd8 Nh7 59. Rc8 Qb7 60.
Rc7 Qxe4 61. Bc4 Ng5 62. Bxf7 Nxf7 63. Qd7 Qb1+ 64. Kh2 Qa2 65. c4 Qxf2 66.
Qxf7+ Kh6 67. Qh7+ Kg5 68. Qh3 Qd4 69. Qg3+ Kf5 70. Rg7 Ke6 71. Qh3+ f5 72.
Rxg6+ Ke7 73. Qh7+ 1-0

[Event "Saint Louis Masters 2026"]
[Site "Saint Louis USA"]
[Date "2026.02.27"]
[Round "6.30"]
[White "Sargsyan, Anna M."]
[Black "Abrahamyan, Tatev"]
[Result "1/2-1/2"]
[WhiteTitle "IM"]
[BlackTitle "IM"]
[WhiteElo "2372"]
[BlackElo "2378"]
[WhiteFideId "13308130"]
[BlackFideId "13301918"]
[EventDate "2026.02.25"]

1. e4 e6 2. d4 d5 3. exd5 exd5 4. Nf3 Bd6 5. c4 dxc4 6. Bxc4 Nf6 7. O-O O-O 8.
h3 Nbd7 9. Nc3 Nb6 10. Bb3 c6 11. Re1 Nbd5 12. Bg5 h6 1/2-1/2

[Event "Saint Louis Masters 2026"]
[Site "Saint Louis USA"]
[Date "2026.02.27"]
[Round "6.31"]
[White "Yip, Carissa"]
[Black "Apaar Saxena"]
[Result "1-0"]
[WhiteTitle "IM"]
[BlackTitle "FM"]
[WhiteElo "2466"]
[BlackElo "2263"]
[WhiteFideId "2090732"]
[BlackFideId "25937219"]
[EventDate "2026.02.25"]

1. e4 e5 2. Nf3 Nc6 3. Bc4 Bc5 4. c3 Nf6 5. d3 d6 6. Bg5 h6 7. Bh4 O-O 8. a4 a5
9. Nbd2 Ba7 10. h3 Qe7 11. g4 Be6 12. Qb3 Bxc4 13. Nxc4 Rab8 14. Qb5 Bc5 15. Ne3
Bxe3 16. fxe3 Qe6 17. Nd2 Nd7 18. d4 exd4 19. exd4 Qg6 20. Rf1 Rfe8 21. O-O-O f6
22. Rf3 Nb6 23. Rdf1 Rf8 24. Bg3 Rbd8 25. Bf4 Qe8 26. b3 Qd7 27. Qh5 Qf7 28.
Qxf7+ Rxf7 29. Bg3 Nd7 30. Kc2 Ne7 31. Nc4 Nc6 32. Ne3 Re8 33. Kd3 Nd8 34. h4
Ne6 35. Rf5 b6 36. Nc4 g6 37. R5f3 Ng7 38. Ne3 Re6 39. Nd5 Ne8 40. Nf4 Ree7 41.
Nxg6 Re6 42. Nf4 Ree7 43. Nd5 Re6 44. b4 axb4 45. cxb4 c5 46. Nf4 Ree7 47. Ng6
c4+ 48. Ke3 Re6 49. d5 Re5 50. Nxe5 dxe5 51. g5 hxg5 52. hxg5 Kg7 53. Bh4 1-0

[Event "Saint Louis Masters 2026"]
[Site "Saint Louis USA"]
[Date "2026.02.27"]
[Round "6.32"]
[White "Chirilov, James A"]
[Black "Caglar, Sila"]
[Result "0-1"]
[WhiteTitle "FM"]
[BlackTitle "WIM"]
[WhiteElo "2264"]
[BlackElo "2215"]
[WhiteFideId "30976677"]
[BlackFideId "6364063"]
[EventDate "2026.02.25"]

1. e4 c5 2. Nf3 g6 3. Bc4 Bg7 4. O-O Nc6 5. c3 e5 6. b4 cxb4 7. cxb4 Nge7 8. Bb2
O-O 9. Qb3 h6 10. d3 d6 11. h3 g5 12. Nbd2 Ng6 13. Rfe1 h5 14. Nh2 g4 15. hxg4
hxg4 16. Ndf1 Bh6 17. Ne3 Qg5 18. Qd1 g3 19. Nf3 gxf2+ 20. Kxf2 Qf6 21. Nd5 Qd8
22. Bc1 Bxc1 23. Qxc1 Kg7 24. Rh1 Rh8 25. Qe3 Bg4 26. Ng5 b5 27. Bxb5 Nd4 28.
Ba4 Ne6 29. Nf3 Bxf3 30. Qxf3 Qg5 31. Ne3 Nd4 32. Qg4 Qxg4 33. Nxg4 Nf4 34. Rhd1
a5 35. b5 Rab8 36. Rab1 Nfe2 37. Bb3 Nc3 38. Bc4 Nxd1+ 39. Rxd1 Nxb5 40. Ne3 Nd4
41. Kg3 Rh6 42. Rd2 Rg6+ 43. Kf2 a4 44. a3 Rf6+ 45. Kg3 Rg8 46. Kh2 Kh7 47. Nf5
Nxf5 48. exf5 Rxf5 49. Rb2 Kg7 50. Rb6 Rf6 51. Rb7 Ra8 52. Kg1 Ra5 53. Rd7 Kf8
54. g3 Ke8 55. Rb7 d5 56. Bb5+ Kf8 57. Bd7 Rd6 58. Bf5 Rc6 59. Bg4 Rc3 60. Bh5
Rxd3 61. Rxf7+ Kg8 62. g4 Rc5 63. Bg6 Rg3+ 0-1

[Event "Saint Louis Masters 2026"]
[Site "Saint Louis USA"]
[Date "2026.02.27"]
[Round "6.33"]
[White "Kavutskiy, Kostya"]
[Black "Cervantes Landeiro, Thalia"]
[Result "1-0"]
[WhiteTitle "IM"]
[BlackTitle "FM"]
[WhiteElo "2330"]
[BlackElo "2247"]
[WhiteFideId "2026384"]
[BlackFideId "3520498"]
[EventDate "2026.02.25"]

1. Nf3 Nf6 2. c4 c5 3. g3 Nc6 4. Bg2 g6 5. Nc3 Bg7 6. d4 cxd4 7. Nxd4 O-O 8. O-O
Nxd4 9. Qxd4 d6 10. Qd3 Bf5 11. e4 Be6 12. b3 a6 13. Bd2 Rb8 14. Rac1 Nd7 15.
Qe2 Ne5 16. f4 Bg4 17. Qe3 Nc6 18. Kh1 Bd7 19. Nd5 e6 20. Nb4 Ne7 21. Bc3 Bxc3
22. Qxc3 a5 23. Nc2 b5 24. Ne3 f5 25. Rfd1 Bc6 26. c5 d5 27. exd5 exd5 28. Qe5
Rc8 29. Nxd5 Nxd5 30. Bxd5+ Bxd5+ 31. Rxd5 Qf6 32. Rd6 Qxe5 33. fxe5 Rc7 34. c6
Kf7 35. Rc5 Rfc8 36. Kg2 b4 37. Kf3 Ke7 38. Kf4 Ra8 39. Rcd5 Rac8 40. Rd7+ Rxd7
41. Rxd7+ 1-0

[Event "Saint Louis Masters 2026"]
[Site "Saint Louis USA"]
[Date "2026.02.28"]
[Round "7.1"]
[White "Lodici, Lorenzo"]
[Black "Caruana, Fabiano"]
[Result "1/2-1/2"]
[WhiteTitle "GM"]
[BlackTitle "GM"]
[WhiteElo "2590"]
[BlackElo "2795"]
[WhiteFideId "884189"]
[BlackFideId "2020009"]
[EventDate "2026.02.25"]

1. e4 c5 2. Nf3 e6 3. d4 cxd4 4. Nxd4 Nc6 5. Nb5 d6 6. c4 Nf6 7. N1c3 a6 8. Nd4
Be7 9. Be2 O-O 10. O-O d5 11. exd5 exd5 12. cxd5 Nxd5 13. Nxd5 Qxd5 14. Nxc6
Qxc6 15. Bf3 Qb6 16. Bd5 1/2-1/2

[Event "Saint Louis Masters 2026"]
[Site "Saint Louis USA"]
[Date "2026.02.28"]
[Round "7.2"]
[White "Akobian, Varuzhan"]
[Black "Woodward, Andy"]
[Result "0-1"]
[WhiteTitle "GM"]
[BlackTitle "GM"]
[WhiteElo "2549"]
[BlackElo "2608"]
[WhiteFideId "13300580"]
[BlackFideId "30953499"]
[EventDate "2026.02.25"]

1. d4 Nf6 2. c4 e6 3. Nf3 d5 4. cxd5 exd5 5. Nc3 c6 6. Qc2 g6 7. Bg5 Be7 8. e3
Bf5 9. Bd3 Bxd3 10. Qxd3 Nbd7 11. O-O O-O 12. Rab1 Re8 13. Qc2 Ne4 14. Bxe7 Qxe7
15. Nxe4 dxe4 16. Nd2 c5 17. Rfe1 Rac8 18. Rbc1 cxd4 19. Qxc8 Rxc8 20. Rxc8+ Kg7
21. exd4 Qb4 22. Rc2 f5 23. Rec1 Nf6 24. g3 Qxd4 25. Nc4 f4 26. gxf4 Nd5 27. Rd2
Qc5 28. b4 Nxb4 29. Rd7+ Kh6 30. Rc3 Nd3 31. Ne3 Qxc3 32. Ng4+ Kh5 0-1

[Event "Saint Louis Masters 2026"]
[Site "Saint Louis USA"]
[Date "2026.02.28"]
[Round "7.3"]
[White "Pranav, V"]
[Black "Antipov, Mikhail Al."]
[Result "0-1"]
[WhiteTitle "GM"]
[BlackTitle "GM"]
[WhiteElo "2641"]
[BlackElo "2591"]
[WhiteFideId "25060783"]
[BlackFideId "4107012"]
[EventDate "2026.02.25"]

1. e4 e5 2. Nf3 Nc6 3. Bc4 Nf6 4. d3 Bc5 5. a4 h6 6. a5 a6 7. O-O d6 8. c3 O-O
9. Be3 Ba7 10. Nbd2 Ne7 11. Bxa7 Rxa7 12. Re1 c5 13. d4 cxd4 14. cxd4 Nc6 15.
Nb3 exd4 16. Nfxd4 Re8 17. f3 Ne5 18. Bf1 b5 19. f4 Rd7 20. Nxb5 Ng6 21. f5 Ne5
22. Nc3 Rb7 23. h3 Qc7 24. Re3 Rb4 25. Ra4 Rb8 26. Nd5 Nxd5 27. Qxd5 Bd7 28. Rd4
Bb5 29. Rc3 Qe7 30. Qxd6 Qh4 31. Bxb5 Rxb5 32. Rd1 Reb8 33. Nc1 Rxb2 34. Ne2
Qxe4 35. Re1 Re8 36. Qxa6 Kh7 37. Rg3 Rd8 38. f6 g5 39. Qa7 Rxe2 40. Rxe2 Qxe2
41. Re3 Rd1+ 42. Kh2 Qf2 0-1

[Event "Saint Louis Masters 2026"]
[Site "Saint Louis USA"]
[Date "2026.02.28"]
[Round "7.4"]
[White "Hong, Andrew"]
[Black "Aryan, Chopra"]
[Result "1-0"]
[WhiteTitle "GM"]
[BlackTitle "GM"]
[WhiteElo "2587"]
[BlackElo "2631"]
[WhiteFideId "2099438"]
[BlackFideId "5084423"]
[EventDate "2026.02.25"]

1. d4 d5 2. c4 dxc4 3. Nf3 c5 4. e4 cxd4 5. Qxd4 Qxd4 6. Nxd4 Bd7 7. Bxc4 Nc6 8.
Nxc6 Bxc6 9. Nc3 Rc8 10. Be3 e6 11. Rc1 a6 12. f3 Bd6 13. Kf2 Ne7 14. Ne2 Ng6
15. Nd4 Bd7 16. g3 h5 17. h4 Ne5 18. Be2 Ke7 19. Nb3 Bb5 20. Na5 Bxe2 21. Kxe2
Nd7 22. f4 Bb4 23. Nxb7 Rxc1 24. Rxc1 Rb8 25. Rc7 Bd6 26. Bc5 Bxc5 27. Nxc5
Rxb2+ 28. Ke3 Kd6 29. Rxd7+ Kxc5 30. Rxf7 Rxa2 31. Rxg7 Ra3+ 32. Kf2 Kd4 33. Rg5
Ra2+ 34. Kf3 Ra3+ 35. Kg2 Ra2+ 36. Kh3 Kxe4 37. Rxh5 Kf3 38. Rc5 a5 39. Rc3+ Ke4
40. Kg4 a4 41. Rc5 Ke3 42. h5 a3 43. Re5+ Kf2 44. Rxe6 Re2 45. Ra6 Re3 46. h6
Rxg3+ 47. Kf5 Rh3 48. h7 Rxh7 49. Rxa3 Rb7 50. Kg5 1-0